Statistics for 1955 year quiz

Click here to take the quiz!

General Stats

  • This quiz has been taken 31 times
  • The average score is 8 of 10

Answer Stats

HintAnswer% Correct
This wild-haired physicist diesAlbert Einstein
97%
Communist states sign a pact hereWarsaw
97%
This restaurant's first franchised branch opens in Des Plaines, IllinoisMcDonalds
93%
This amphibian puppet comes to screensKermit
83%
Records book first commissioned by this beer makerGuinness
79%
This actor dies in car crash a month before cinemas show him in Rebel Without a CauseJames Dean
79%
A coup ousts this leader in ArgentinaJuan Peron
79%
The Pentagon says it will put these on missiles that can cross seasNuclear bombs
76%
Nabakov publishes this risque novelLolita
69%
Murder of this 14-year old boy ignites fuse of US civil rights eraEmmett Till
38%

Score Distribution

Percentile by Number Answered

Percent of People with Each Score

Your Score History

You have not taken this quiz